000 005400000a22001930004500
003 LK-CoMWRAF
008 230817t ||||| |||| 00| 0 eng d
040 _aLK-CoMWRAF
_dLK-CoMWRAF
_eLK-CoMWRAF
041 _aeng
082 _a301.10
_bKAN
100 _aKanapathipillai, Valli
245 _aA decade of change in the plantions
_bThe implilcations for women workers
260 _aColombo
_bICES
_c1992
300 _ap.43
650 _a women & employment
650 _awomen in the plantation sector
650 _awomen-SL
942 _cBK
999 _c3118
_d3118